| 000 | 01480cam a22003618a 4500 | ||
|---|---|---|---|
| 001 | 14847080 | ||
| 005 | 20201128020729.0 | ||
| 008 | 070511s2007 nyu 001 0 eng | ||
| 010 | _a2007020112 | ||
| 020 | _a0071476245 (alk. paper) | ||
| 020 | _a9780071476249 | ||
| 040 |
_aDLC _cDLC _dDLC |
||
| 050 | 0 | 0 |
_aTD351 _b.L55 2007 |
| 082 | 0 | 0 |
_a628.10151 _222 _bLIN |
| 100 | 1 |
_aLin, Shundar. _92999 |
|
| 245 | 1 | 0 |
_aWater and Wastewater Calculations Manual / _cShun Dar Lin, C. C. Lee. |
| 250 | _a2nd ed. | ||
| 260 |
_aNew York : _bMcGraw-Hill, _cc2007. |
||
| 263 | _a0706 | ||
| 300 |
_axi, 945 p. : _bill. ; _c24 cm. |
||
| 500 | _aIncludes index. | ||
| 650 | 0 |
_aWater-supply _xMathematics _vHandbooks, manuals, etc. _93000 |
|
| 650 | 0 |
_aWater _xPurification _xMathematics _vHandbooks, manuals, etc. _93001 |
|
| 650 | 0 |
_aHydrology _xMathematics _vHandbooks, manuals, etc. _93002 |
|
| 650 | 0 |
_aSewage disposal _xMathematics _vHandbooks, manuals, etc. _93003 |
|
| 650 | 0 |
_aSewage _xPurification _xMathematics _vHandbooks, manuals, etc. _93004 |
|
| 700 | 1 |
_aLee, C. C. _93005 |
|
| 856 | 4 | 2 |
_3Contributor biographical information _uhttp://www.loc.gov/catdir/enhancements/fy0726/2007020112-b.html |
| 856 | 4 | 1 |
_3Table of contents only _uhttp://www.loc.gov/catdir/enhancements/fy0726/2007020112-t.html |
| 856 | 4 | 2 |
_3Publisher description _uhttp://www.loc.gov/catdir/enhancements/fy0726/2007020112-d.html |
| 942 |
_2ddc _cBB |
||
| 999 |
_c11154 _d11154 |
||